| 000 | 00720 a2200205 4500 | ||
|---|---|---|---|
| 001 | 62941 | ||
| 005 | 20260407155923.0 | ||
| 008 | 260407a1976 arg spa d | ||
| 003 | AR-UNSa-BCEJYS | ||
| 040 |
_aAR-UNSa-BCEJYS _bspa _cAR-UNSa-BCEJYS |
||
| 080 |
_a352 _xNiveles inferiores de la administración. Gobierno local. Administración municipal. Autoridades locales |
||
| 245 | 1 | 0 | _aAnuario estadístico de las corporaciones locales |
| 020 | _a978-84-7088-094-0 | ||
| 264 | 1 |
_aMadrid : _bInstituto de Estudios de Administración Local _c1976 |
|
| 300 |
_a370 p. _c29 cm. |
||
| 041 | _aspa | ||
| 942 | _cBK | ||
| 590 | _aniveau_biblio:m niveau_hierar:0 | ||
| 100 | 1 | _aInstituto de Estudios de Administración Local | |
| 999 |
_c7888 _d7888 |
||